000
00266nam a22001217a 4500
008
170414b xxu||||| |||| 00| 0 eng d
041
_a
eng
080
_a
612.39
100
_a
10
101
_a
SHM
245
_a
HANDBOOK OF NUTRITION
_c
COWGILL, G.R
942
_2
udc
_c
BK
999
_c
10857
_d
10857